Функционально-дифференциальные уравнения: межвузовский сборник научных трудов

Библиографические подробности
Автор-организация: Пермский политехнический институт (ППИ)
Другие авторы: Азбелев Н. В. (редактор)
Язык:русский
Опубликовано: Пермь, 1988
Предметы:
Формат: Книга
Запись в KOHA:https://koha.lib.tpu.ru/cgi-bin/koha/opac-detail.pl?biblionumber=248071

MARC

LEADER 00000nam0a2200000 4500
001 248071
005 20231101232344.0
035 |a (RuTPU)RU\TPU\book\269736 
090 |a 248071 
100 |a 20140117d1988 k y0rusy50 ca 
101 0 |a rus 
102 |a RU 
105 |a a z 001zy 
200 1 |a Функционально-дифференциальные уравнения  |e межвузовский сборник научных трудов  |f Пермский политехнический институт (ППИ) ; под ред. Н. В. Азбелева 
210 |a Пермь  |d 1988 
215 |a 152 с.  |c ил. 
320 |a Библиогр. в конце ст. 
606 1 |a Дифференциальные уравнения  |2 stltpush  |3 (RuTPU)RU\TPU\subj\9693  |9 36875 
610 1 |a линейные операторы 
610 1 |a асимптотическая устойчивость 
610 1 |a приближенные методы 
610 1 |a решения 
675 |a 517.96  |v 3 
702 1 |a Азбелев  |b Н. В.  |4 340 
712 0 2 |a Пермский политехнический институт (ППИ)  |c (1960-1992)  |2 stltpush  |3 (RuTPU)RU\TPU\col\7911 
801 1 |a RU  |b 63413507  |c 20140117 
801 2 |a RU  |b 63413507  |c 20140117  |g RCR 
942 |c BK